[Event "Brno ÈEZ Talent"]
[Site "?"]
[Date "2014.08.24"]
[Round "2"]
[White "Kociscak, Jiri"]
[Black "Pokorny, Petr"]
[Result "1/2-1/2"]
[WhiteElo "2458"]
[BlackElo "2126"]
[PlyCount "100"]
[EventDate "2014.??.??"]

1. d4 f5 2. c4 Nf6 3. Nc3 e6 4. g3 d5 5. Bg2 c6 6. Nf3 Bd6 7. O-O O-O 8. Bf4
Bxf4 9. gxf4 b6 10. e3 Bb7 11. Qc2 Ne4 12. Ne5 Nd7 13. cxd5 cxd5 14. Qa4 Nxe5
15. dxe5 Nxc3 16. bxc3 Qc8 17. Rfd1 Bc6 18. Qb4 Rf7 19. Qd6 Rc7 20. Rac1 b5 21.
Rb1 Rb8 22. a4 Rb6 23. a5 Ra6 24. Qa3 Bd7 25. Rbc1 Rac6 26. Rd3 Rc4 27. Qe7 Qf8
28. Qd6 Qxd6 29. exd6 R7c6 30. Bf1 Rxd6 31. Rd4 Rc5 32. Rb4 a6 33. Be2 Rdc6 34.
Rb3 Kf7 35. Kf1 Ke7 36. Ke1 b4 37. Rxb4 Rxa5 38. Rb7 Kd6 39. c4 Rac5 40. Rd1 a5
41. Ra7 Rc7 42. Ra6+ Ke7 43. cxd5 exd5 44. Bf3 Be6 45. Ra1 Rc1+ 46. Rxc1 Rxc1+
47. Kd2 Ra1 48. Ra7+ Kf6 49. Ra6 Ra2+ 50. Ke1 Ra1+ 1/2-1/2

[Event "Brno ÈEZ Talent"]
[Site "?"]
[Date "2014.08.24"]
[Round "2"]
[White "Meszaros, Ludek"]
[Black "Sergeev, Vladimir"]
[Result "0-1"]
[WhiteElo "2101"]
[BlackElo "2438"]
[PlyCount "106"]
[EventDate "2014.??.??"]

1. Nf3 Nf6 2. g3 d5 3. Bg2 c6 4. O-O Bg4 5. d3 e6 6. Nbd2 Be7 7. b3 O-O 8. Bb2
Bh5 9. Qe1 a5 10. a3 c5 11. Ne5 Nc6 12. Nxc6 bxc6 13. a4 Nd7 14. e4 Re8 15. e5
f6 16. f4 f5 17. Bf3 Bxf3 18. Nxf3 c4 19. bxc4 dxc4 20. d4 Nb6 21. Ba3 Bxa3 22.
Rxa3 Qd5 23. Qf2 Rab8 24. c3 Nd7 25. Qe2 Rb7 26. Nd2 Rb2 27. Rb1 Rxb1+ 28. Nxb1
Rb8 29. Nd2 Rb2 30. Qe3 Nc5 31. Nf3 Nb3 32. Ne1 h6 33. Qf3 Qxf3 34. Nxf3 Rc2
35. h4 Rxc3 36. Kg2 Rc2+ 37. Kh3 Rf2 38. Ne1 h5 39. Ng2 Re2 40. Kh2 Nxd4 41.
Rc3 Rc2 42. Rxc2 Nxc2 43. Kg1 c3 44. Kf1 Nd4 45. Ke1 Nb3 46. Kd1 Nc5 47. Kc2
Nxa4 48. Ne3 Nb6 49. Kb3 Kf7 50. Nc2 Nd5 51. Na3 Ke7 52. Nc2 Kd7 53. Kc4 Nb4
0-1

[Event "Brno ÈEZ Talent"]
[Site "?"]
[Date "2014.08.24"]
[Round "2"]
[White "Kraus, Tomas"]
[Black "Richterova, Natasa"]
[Result "1-0"]
[WhiteElo "2400"]
[BlackElo "2105"]
[PlyCount "69"]
[EventDate "2014.??.??"]

1. c4 e5 2. e3 Nf6 3. a3 g6 4. Nc3 Bg7 5. Nf3 d6 6. d4 exd4 7. Nxd4 O-O 8. Nc2
c6 9. Be2 Be6 10. Nd4 Bc8 11. O-O d5 12. cxd5 Nxd5 13. Nxd5 Qxd5 14. Bf3 Qd8
15. Qc2 Nd7 16. g3 Qe7 17. Bg2 c5 18. Nb5 Nf6 19. e4 Bd7 20. Nc3 Rac8 21. Re1
Bc6 22. e5 Bxg2 23. Bg5 Qd7 24. exf6 Qh3 25. f4 Bc6 26. fxg7 Rfe8 27. Bf6 Qg4
28. Qf2 Qf5 29. Be7 b6 30. Re5 Qd7 31. Rae1 Ba8 32. h4 Qb7 33. Kh2 a6 34. h5
Rc7 35. Nd5 1-0

[Event "Brno ÈEZ Talent"]
[Site "?"]
[Date "2014.08.24"]
[Round "2"]
[White "Roubalik, Jakub"]
[Black "Majer, Jiri"]
[Result "1-0"]
[WhiteElo "2347"]
[BlackElo "2067"]
[PlyCount "83"]
[EventDate "2014.??.??"]

1. d4 d5 2. c4 c6 3. Nc3 Nf6 4. e3 Bf5 5. cxd5 cxd5 6. Qb3 Bc8 7. Bb5+ Nc6 8.
Nf3 e6 9. Bd2 Bd7 10. Bd3 Na5 11. Qd1 Be7 12. O-O O-O 13. Qe2 Nc6 14. Ne5 Rc8
15. Rac1 Bd6 16. f4 Qe7 17. Be1 Qd8 18. Bh4 Be7 19. Rf3 Nxe5 20. fxe5 Ne4 21.
Bxe7 Qxe7 22. Bxe4 dxe4 23. Rf4 Bc6 24. Rcf1 Rc7 25. Qh5 h6 26. Rg4 Kh7 27. Rf6
Rh8 28. Rh4 Kg8 29. Rg4 Kf8 30. Rf2 a6 31. Qg6 Rg8 32. Rgf4 Be8 33. Qxe4 Qg5
34. Qf3 Qg6 35. h3 Bc6 36. e4 Bb5 37. d5 exd5 38. exd5 Ke8 39. a4 Bd7 40. Rxf7
Bg4 41. Rf8+ Kd7 42. Qf7+ 1-0

[Event "Brno ÈEZ Talent"]
[Site "?"]
[Date "2014.08.24"]
[Round "2"]
[White "Zpevakova, Jana"]
[Black "Chudinovskikh, Alexander M"]
[Result "1/2-1/2"]
[WhiteElo "2042"]
[BlackElo "2273"]
[PlyCount "128"]
[EventDate "2014.??.??"]

1. d4 Nf6 2. c4 e6 3. Nf3 d5 4. Nc3 Be7 5. Bg5 O-O 6. e3 Nbd7 7. Qc2 c5 8. cxd5
Nxd5 9. Bxe7 Nxe7 10. Bd3 g6 11. O-O cxd4 12. Nxd4 Nc5 13. Be2 Bd7 14. Rfd1 Qb6
15. Ne4 Nxe4 16. Qxe4 Rad8 17. Qh4 Rfe8 18. Rd2 e5 19. Nf3 Nf5 20. Qc4 Be6 21.
Qb5 Qxb5 22. Bxb5 Rxd2 23. Nxd2 Rc8 24. Ba4 Rd8 25. Ne4 Kg7 26. a3 a6 27. g3 b5
28. Bc2 Rc8 29. Bd1 Bd5 30. Nc3 Bc4 31. Bf3 Rd8 32. Rd1 Rxd1+ 33. Bxd1 Nd6 34.
Bc2 f5 35. f4 Kf6 36. Kf2 g5 37. Nb1 gxf4 38. gxf4 e4 39. Nd2 a5 40. b4 axb4
41. axb4 Ke6 42. Bd1 Nc8 43. Nb1 Nb6 44. Be2 Bxe2 45. Kxe2 Kd5 46. Na3 Kc6 47.
Nc2 Nd5 48. Nd4+ Kb6 49. Nxf5 Nxb4 50. Nd6 Nd5 51. Nxe4 b4 52. Nd2 Kb5 53. Kd3
Ka4 54. f5 Kb5 55. e4 Ne7 56. Kd4 Kc6 57. Kc4 Kd6 58. Nf3 Nc6 59. Ng5 Ke5 60.
Nxh7 Kxe4 61. f6 Kf5 62. f7 Ne5+ 63. Kxb4 Nxf7 64. h3 Ng5 1/2-1/2

[Event "Brno ÈEZ Talent"]
[Site "?"]
[Date "2014.08.24"]
[Round "2"]
[White "Kratochvil, Josef"]
[Black "Uhmann, Jan"]
[Result "1-0"]
[WhiteElo "2269"]
[BlackElo "2048"]
[PlyCount "65"]
[EventDate "2014.??.??"]

1. d4 d5 2. Nf3 Bf5 3. c4 e6 4. Nc3 Nc6 5. Bf4 Bb4 6. e3 Nge7 7. Rc1 O-O 8. a3
Bxc3+ 9. Rxc3 dxc4 10. Rxc4 Nd5 11. Bg3 Na5 12. Rc1 b6 13. b4 Nb7 14. Be2 Qe7
15. Nd2 Nd6 16. Bxd6 Qxd6 17. e4 Nf4 18. exf5 Nxg2+ 19. Kf1 Nh4 20. f6 Qxd4 21.
Nf3 Qxf6 22. Nxh4 Rad8 23. Qb3 Qxh4 24. Rxc7 Rd2 25. Rg1 Qxh2 26. Qc3 Qh6 27.
Rxg7+ Qxg7 28. Qxd2 Qa1+ 29. Rc1 Qe5 30. Rc3 a5 31. b5 Kh8 32. Rg3 Qe4 33. Qh6
1-0

[Event "Brno ÈEZ Talent"]
[Site "?"]
[Date "2014.08.24"]
[Round "2"]
[White "Stehlik, Jiri"]
[Black "Holemar, David"]
[Result "1/2-1/2"]
[WhiteElo "1945"]
[BlackElo "2246"]
[PlyCount "214"]
[EventDate "2014.??.??"]

1. Nf3 Nc6 2. c4 e5 3. Nc3 Nf6 4. g3 Bb4 5. Bg2 O-O 6. O-O Re8 7. d3 Bxc3 8.
bxc3 e4 9. Nd4 Ne5 10. dxe4 Nxc4 11. Qb3 Nb6 12. a4 a5 13. f3 d6 14. Bg5 h6 15.
Bxf6 Qxf6 16. f4 Qe7 17. e5 dxe5 18. fxe5 Be6 19. Nxe6 Qxe6 20. Qxe6 Rxe6 21.
Bxb7 Rae8 22. Rfd1 Rxe5 23. Bf3 Rc5 24. Rd3 g6 25. Kf2 Rc4 26. Bd5 Rc5 27. Bb3
Rf5+ 28. Rf3 Ree5 29. Rd1 Kg7 30. Rd4 g5 31. h4 Rc5 32. hxg5 hxg5 33. c4 Kf6
34. g4 Rxf3+ 35. exf3 Ke6 36. f4 gxf4 37. Rxf4 f6 38. Re4+ Kd6 39. Rd4+ Ke7 40.
Re4+ Re5 41. Rxe5+ fxe5 42. g5 Nd7 43. Ke3 Nc5 44. Bc2 Kf7 45. Kf3 Ke6 46. Ke3
Kf7 47. Kf3 Ke7 48. Ke3 Ne6 49. Ke4 Nxg5+ 50. Kxe5 Kd7 51. Kd5 c6+ 52. Kc5 Kc7
53. Kd4 Nf3+ 54. Ke4 Ne1 55. Bd1 Kd6 56. Kd4 c5+ 57. Ke4 Ng2 58. Bf3 Ne1 59.
Bd1 Ng2 60. Bf3 Nh4 61. Bh5 {(R)} Ke6 62. Bg4+ Kd6 63. Bh5 Ke6 64. Bg4+ Kd6 65.
Bh5 Kc6 66. Be8+ Kc7 67. Bh5 Kd6 68. Kf4 Ng2+ 69. Ke4 Ke6 70. Bf3 Ne1 71. Bg4+
Kd6 72. Bd1 Ng2 73. Bf3 Nh4 74. Bh5 Kc7 75. Kd5 Kb6 76. Ke4 Ng2 77. Bf3 Ne1 78.
Bd1 Kc6 79. Ke3 Kc7 80. Ke4 Kd6 81. Bh5 Nc2 82. Bd1 Nd4 83. Kf4 Nc6 84. Ke4 Ne5
85. Be2 Nd7 86. Bd1 Nb6 87. Bb3 Ke6 88. Kf4 Nc8 89. Bc2 Nb6 90. Bb3 Nd7 91. Bd1
Kd6 92. Ke4 Ne5 93. Be2 Ke6 94. Kf4 Nc6 95. Ke4 Nb4 96. Kf4 Na2 97. Bd1 Kf6 98.
Bc2 Nb4 99. Bb1 Ke6 100. Ke4 Kd6 101. Kf4 Nc6 102. Bd3 Ne5 103. Be2 Nd7 104.
Bd1 Nf8 105. Ke4 Ng6 106. Be2 Ne5 107. Kf5 Nd7 {(Remíza - pravidlo 50 tahù)}
1/2-1/2

[Event "Brno ÈEZ Talent"]
[Site "?"]
[Date "2014.08.24"]
[Round "2"]
[White "Blahynka, Martin"]
[Black "Hosek, Martin"]
[Result "1-0"]
[WhiteElo "2210"]
[BlackElo "2039"]
[PlyCount "49"]
[EventDate "2014.??.??"]

1. d4 Nf6 2. c4 g6 3. Nc3 d5 4. cxd5 Nxd5 5. e4 Nxc3 6. bxc3 Bg7 7. Nf3 c5 8.
Rb1 Nc6 9. d5 Bxc3+ 10. Bd2 Bxd2+ 11. Qxd2 Nd4 12. Nxd4 cxd4 13. Qxd4 O-O 14.
Be2 f5 15. e5 Qa5+ 16. Rb4 Rd8 17. O-O Be6 18. Rb5 Qc7 19. Rc5 Qb6 20. Rd1 Bf7
21. Qc3 e6 22. d6 Be8 23. Bc4 Bd7 24. Rc7 Kf8 25. Qh3 1-0

[Event "Brno ÈEZ Talent"]
[Site "?"]
[Date "2014.08.24"]
[Round "2"]
[White "Skacelik, Petr"]
[Black "Milcova, Zuzana"]
[Result "0-1"]
[WhiteElo "2173"]
[BlackElo "2027"]
[PlyCount "89"]
[EventDate "2014.??.??"]

1. d4 d5 2. c4 c6 3. Nc3 Nf6 4. Bg5 dxc4 5. a4 Nbd7 6. e3 h6 7. Bh4 Qa5 8. Bxc4
Nb6 9. Bb3 Bg4 10. f3 Bh5 11. Nge2 Nfd5 12. Qd2 g5 13. Bg3 O-O-O 14. e4 Nb4 15.
Qe3 Nc4 16. Qg1 Nxb2 17. Kf1 Qa6 18. Qe3 Bg7 19. Kg1 Nc4 20. Qc1 Na5 21. Qa3
Qb6 22. h3 Bxd4+ 23. Nxd4 Rxd4 24. Bf2 Rhd8 25. Rb1 Nxb3 26. Qxb3 a5 27. Ne2 e5
28. Kh2 Qc7 29. Nxd4 exd4+ 30. Bg3 Qe7 31. Rhd1 b6 32. Qc4 c5 33. Be1 Kb7 34.
Bxb4 axb4 35. a5 Qc7+ 36. Kh1 bxa5 37. Ra1 f6 38. Rdc1 d3 39. Qe6 Bf7 40. Qxf6
Rd6 41. Qb2 c4 42. Qe5 d2 43. Rd1 c3 44. Rxa5 c2 45. Rxd2 0-1

[Event "Brno ÈEZ Talent"]
[Site "?"]
[Date "2014.08.24"]
[Round "2"]
[White "Kaplan, Milan"]
[Black "Vechet, Stanislav"]
[Result "1/2-1/2"]
[WhiteElo "1800"]
[BlackElo "2151"]
[PlyCount "117"]
[EventDate "2014.??.??"]

1. e4 e5 2. Nf3 Nc6 3. d4 exd4 4. Nxd4 Bc5 5. Nxc6 Qf6 6. Qf3 bxc6 7. Be2 Qxf3
8. Bxf3 Ne7 9. O-O Ng6 10. Nc3 Ba6 11. Rd1 Ne5 12. Be2 Bxe2 13. Nxe2 O-O-O 14.
Bf4 Ng6 15. Bd2 Rde8 16. b4 Bb6 17. Nc3 Bd4 18. Rab1 Bxc3 19. Bxc3 Rxe4 20.
Bxg7 Rg8 21. Bh6 Rc4 22. Rb2 Nh4 23. g3 Nf5 24. Be3 a6 25. Rd3 Re8 26. c3 Rce4
27. Bd4 Nxd4 28. Rxd4 Rxd4 29. cxd4 Re4 30. Rd2 Kb7 31. Kg2 Kb6 32. a3 Kb5 33.
Rd3 a5 34. bxa5 Kxa5 35. Rf3 Rxd4 36. Rxf7 c5 37. Rf3 c4 38. Kf1 Re4 39. Rf4 d5
40. Rxe4 dxe4 41. Ke2 Ka4 42. Kd2 Kb3 43. Kc1 Kxa3 44. g4 Kb4 45. Kc2 Kc5 46.
Kc3 Kd5 47. g5 Ke5 48. Kxc4 Kf4 49. h4 Kg4 50. Kd4 Kxh4 51. Kxe4 Kxg5 52. Ke5
c5 53. f4+ Kg4 54. f5 c4 55. f6 c3 56. f7 c2 57. f8=Q c1=Q 58. Qf5+ Kg3 59.
Qxh7 1/2-1/2

[Event "Brno ÈEZ Talent"]
[Site "?"]
[Date "2014.08.24"]
[Round "2"]
[White "Dvorak, Adam"]
[Black "Glozar, Petr"]
[Result "1-0"]
[WhiteElo "2130"]
[BlackElo "1566"]
[PlyCount "45"]
[EventDate "2014.??.??"]

1. d4 d5 2. c4 e6 3. Nc3 Nf6 4. Bg5 Be7 5. Nf3 h6 6. Bxf6 Bxf6 7. e3 O-O 8. Qc2
b6 9. O-O-O Bb7 10. cxd5 Bxd5 11. Nxd5 exd5 12. Kb1 c5 13. dxc5 bxc5 14. Qxc5
Nd7 15. Qxd5 Qb6 16. Qb5 Rab8 17. Qxb6 Nxb6 18. Nd4 Na4 19. Rd2 Rfc8 20. Bb5
Nc5 21. Rc1 Bxd4 22. exd4 Rxb5 23. Rdc2 1-0

[Event "Brno ÈEZ Talent"]
[Site "?"]
[Date "2014.08.24"]
[Round "2"]
[White "Hajek, Oskar"]
[Black "Tovarek, Antonin"]
[Result "1-0"]
[WhiteElo "2061"]
[BlackElo "2029"]
[PlyCount "89"]
[EventDate "2014.??.??"]

1. e4 c5 2. Nf3 Nc6 3. Bb5 e6 4. Bxc6 bxc6 5. d3 Ne7 6. O-O g6 7. d4 Bg7 8.
dxc5 Ba6 9. Re1 Qa5 10. Nc3 Qxc5 11. Be3 Qa5 12. Nd4 O-O 13. Nb3 Qc7 14. Bc5 d5
15. e5 Rfe8 16. Bd6 Qb6 17. Nc5 Nf5 18. N3a4 Qa5 19. b4 Qb5 20. c4 Qxc4 21. Rc1
Qb5 22. Bc7 Bc8 23. a3 Bh6 24. Rc2 Re7 25. Nc3 Qc4 26. Bd6 Nd4 27. Bxe7 Nxc2
28. Qxc2 d4 29. Rd1 Bf8 30. Bxf8 Kxf8 31. Qe4 Qxc3 32. Qxc6 Bb7 33. Qxb7 Rd8
34. Qf3 Qc4 35. h3 a5 36. Qf6 Rd5 37. Nxe6+ Ke8 38. Qh8+ Ke7 39. Nf4 Rd8 40.
Qf6+ Ke8 41. e6 fxe6 42. Qxe6+ Qxe6 43. Nxe6 Rd6 44. Nxd4 axb4 45. axb4 1-0

[Event "Brno ÈEZ Talent"]
[Site "?"]
[Date "2014.08.24"]
[Round "2"]
[White "Miculka, Petr"]
[Black "Svanda, Ondrej"]
[Result "1/2-1/2"]
[WhiteElo "2029"]
[BlackElo "1725"]
[PlyCount "84"]
[EventDate "2014.??.??"]

1. e4 c5 2. Nf3 g6 3. c3 Bg7 4. d4 cxd4 5. cxd4 d5 6. e5 Nc6 7. Bb5 Bg4 8. Nc3
Nh6 9. h3 Bxf3 10. Qxf3 Nf5 11. Be3 O-O 12. Rd1 a6 13. Bxc6 bxc6 14. O-O Qa5
15. g4 Nxe3 16. Qxe3 e6 17. f4 Rfc8 18. b3 c5 19. Na4 cxd4 20. Qxd4 Rc2 21. Rf2
Rac8 22. Rdd2 Rxd2 23. Rxd2 Bf8 24. Qd3 Qb5 25. Qd4 Bc5 26. Nxc5 Qxc5 27. Qxc5
Rxc5 28. Kg2 Kf8 29. h4 Ke7 30. h5 Kd7 31. hxg6 hxg6 32. Kg3 Kc6 33. Kh4 Kb5
34. Kg5 Kb4 35. Kf6 Rc7 36. f5 gxf5 37. gxf5 Kc3 38. fxe6 fxe6 39. Rd1 Kc2 40.
Rd4 Kc3 41. Rd1 Kc2 42. Rd4 Kc3 1/2-1/2

[Event "Brno ÈEZ Talent"]
[Site "?"]
[Date "2014.08.24"]
[Round "2"]
[White "Khachatouri, Saro"]
[Black "Lanc, Alois"]
[Result "0-1"]
[WhiteElo "1790"]
[BlackElo "2363"]
[PlyCount "118"]
[EventDate "2014.??.??"]

1. d3 c5 2. Nf3 Nc6 3. e4 g6 4. Be2 Bg7 5. c3 d5 6. Nbd2 e6 7. Qc2 Nge7 8. O-O
h6 9. Re1 b6 10. exd5 exd5 11. Nf1 O-O 12. h3 Qd6 13. Bd2 f5 14. g3 Bb7 15. Bf4
Qd7 16. h4 Rae8 17. Qd2 Kh7 18. d4 c4 19. b3 Ng8 20. bxc4 dxc4 21. Bxc4 Nf6 22.
Qc2 Na5 23. Be2 Rxe2 24. Qxe2 Qc6 25. N1d2 Ne4 26. Nxe4 fxe4 27. d5 Qxd5 28.
Rad1 Qe6 29. Nd4 {(R)} Qh3 30. Qf1 Qg4 31. Be3 Bd5 32. Qe2 Rf3 33. Qf1 Bc4 34.
Qg2 Rf7 35. Kh2 Bxa2 36. Qh3 Qxh3+ 37. Kxh3 Bc4 38. Ra1 Bd3 39. Rxa5 bxa5 40.
Ra1 Be5 41. Rxa5 Bc7 42. Ra1 Bb6 43. Kg2 {(R)} Bc5 44. Kg1 Rc7 45. Rc1 Rd7 46.
Ra1 Rd5 47. Kg2 Bb6 48. Ra3 Ra5 49. Rxa5 Bxa5 50. Nc6 Bxc3 51. Bxa7 e3 52. Nd4
e2 53. Nxe2 Bxe2 54. Kh2 Bf3 55. Kh3 h5 56. Kh2 Kg7 57. Kg1 Kf6 58. Be3 Ke5 59.
Kf1 Bd4 0-1

[Event "Brno ÈEZ Talent"]
[Site "?"]
[Date "2014.08.24"]
[Round "2"]
[White "Sarson, Ondrej"]
[Black "Kozusek, Daniel"]
[Result "0-1"]
[WhiteElo "1778"]
[BlackElo "2191"]
[PlyCount "58"]
[EventDate "2014.??.??"]

1. e4 c5 2. c3 Nf6 3. e5 Nd5 4. d4 cxd4 5. cxd4 e6 6. Nc3 Nxc3 7. bxc3 Qc7 8.
Qb3 Nc6 9. Nf3 b6 10. Be2 Bb7 11. O-O Na5 12. Qc2 Rc8 13. Bb2 Be7 14. Rac1 Nc4
15. Rfd1 O-O 16. Qb3 Na5 17. Qc2 Bd5 18. Ba1 d6 19. exd6 Bxd6 20. h3 Bf4 21.
Rb1 Qc6 22. Bd3 Nc4 23. Bxc4 Qxc4 24. Qb3 Qe2 25. Qb2 Bxf3 26. gxf3 Qxf3 27. d5
Qxh3 28. c4 Bh2+ 29. Kh1 Be5+ 0-1

[Event "Brno ÈEZ Talent"]
[Site "?"]
[Date "2014.08.24"]
[Round "2"]
[White "Miculka, David"]
[Black "Turza, Pavel"]
[Result "1-0"]
[WhiteElo "2018"]
[BlackElo "1776"]
[PlyCount "89"]
[EventDate "2014.??.??"]

1. e4 e5 2. Nf3 Nc6 3. Bb5 Bc5 4. O-O d6 5. c3 Bd7 6. d4 exd4 7. cxd4 Bb6 8.
Nc3 h6 9. Re1 Nce7 10. Bc4 Bg4 11. h3 Bh5 12. Be3 Nf6 13. e5 dxe5 14. dxe5 Qxd1
15. Raxd1 Nfg8 16. g4 Bg6 17. Nb5 a6 18. Bxb6 axb5 19. Bxb5+ c6 20. Bc4 h5 21.
e6 hxg4 22. hxg4 Nf6 23. Ne5 Nfd5 24. Bxd5 cxd5 25. Bc5 f6 26. Nxg6 Nxg6 27.
Rxd5 Ne5 28. Red1 Rh4 29. g5 Nf3+ 30. Kg2 Nxg5 31. e7 Ne6 32. Bd6 Rxa2 33. Bg3
Nf4+ 34. Bxf4 Rxf4 35. Re1 Ra8 36. Rh5 Kf7 37. Rb5 Re8 38. Rxb7 Rd4 39. b4 Rd6
40. b5 Re6 41. Rxe6 Kxe6 42. b6 Kd6 43. Rc7 Rb8 44. Kf3 Ke6 45. b7 1-0

[Event "Brno ÈEZ Talent"]
[Site "?"]
[Date "2014.08.24"]
[Round "2"]
[White "Zikan, Karel"]
[Black "Kucera, Petr"]
[Result "1/2-1/2"]
[WhiteElo "1772"]
[BlackElo "1981"]
[PlyCount "117"]
[EventDate "2014.??.??"]

1. Nf3 Nf6 2. c4 e6 3. Nc3 d5 4. cxd5 exd5 5. d4 Bb4 6. Bg5 O-O 7. e3 Nbd7 8.
Be2 c5 9. dxc5 Bxc3+ 10. bxc3 Nxc5 11. O-O Nce4 12. Bxf6 Qxf6 13. Qxd5 Nxc3 14.
Qd2 Bg4 15. Qb2 Nxe2+ 16. Qxe2 Bxf3 17. Qxf3 Qxf3 18. gxf3 b5 19. a4 b4 20. a5
a6 21. Rfb1 Rab8 22. Ra4 b3 23. Ra3 b2 24. Ra2 Rb5 25. Rbxb2 Rg5+ 26. Kf1 Rh5
27. Rb6 Ra8 28. f4 Rxh2 29. Rab2 Kf8 30. Ke2 Rh5 31. Ra2 Ra7 32. e4 Rc5 33. f5
Ke7 34. Ke3 Kd7 35. Kd4 Rc6 36. Rab2 Rac7 37. Ke3 g5 38. fxg6 hxg6 39. f3 Rxb6
40. Rxb6 Rc6 41. Rb7+ Ke6 42. Kd4 g5 43. Ra7 f5 44. Rg7 Kf6 45. Rg8 fxe4 46.
fxe4 Rd6+ 47. Ke3 Rc6 48. Rb8 Ke6 49. Kd4 Rd6+ 50. Kc5 Rd1 51. Rb6+ Ke5 52.
Rxa6 Kxe4 53. Rg6 Ra1 54. Kb6 Kf4 55. a6 g4 56. Kb7 g3 57. a7 Rb1+ 58. Rb6
Rxb6+ 59. Kxb6 1/2-1/2

[Event "Brno ÈEZ Talent"]
[Site "?"]
[Date "2014.08.24"]
[Round "2"]
[White "Licka, Vlastimil"]
[Black "Blazek, Pavel"]
[Result "0-1"]
[WhiteElo "1959"]
[BlackElo "1770"]
[PlyCount "83"]
[EventDate "2014.??.??"]

1. e4 e5 2. Nf3 Nc6 3. Bb5 a6 4. Ba4 Nf6 5. O-O Be7 6. Re1 b5 7. Bb3 d6 8. h3
O-O 9. c3 Na5 10. Bc2 c5 11. d4 Nc6 12. Be3 Qc7 13. d5 Nb8 14. Nbd2 c4 15. Qe2
Nbd7 16. Nf1 Nc5 17. Ng3 Bd7 18. Rad1 Rfe8 19. Bg5 h6 20. Bc1 Qa5 21. a3 Qc7
22. Nh2 Reb8 23. Nhf1 Nh7 24. Nf5 Bxf5 25. exf5 Qd8 26. g3 Bg5 27. Ne3 Qc7 28.
h4 Bxe3 29. Bxe3 Rc8 30. Qf3 Qd8 31. Kg2 a5 32. Bd2 Qf6 33. Rh1 Re8 34. Rde1
Qd8 35. g4 e4 36. Bxe4 Nxe4 37. Rxe4 Rxe4 38. Qxe4 Qe8 39. Qd4 Qe5 40. Qxe5
dxe5 41. Re1 f6 42. g5 0-1

[Event "Brno ÈEZ Talent"]
[Site "?"]
[Date "2014.08.24"]
[Round "2"]
[White "Dumkova, Daniela"]
[Black "Benes, Miroslav"]
[Result "1-0"]
[WhiteElo "1745"]
[BlackElo "1957"]
[PlyCount "61"]
[EventDate "2014.??.??"]

1. e4 c5 2. d3 Nc6 3. g3 g6 4. Bg2 Bg7 5. f4 d6 6. Nf3 Bg4 7. h3 Bxf3 8. Qxf3
Nf6 9. c3 O-O 10. O-O Nd7 11. Na3 Rb8 12. Nc2 Qc7 13. Kh2 Rfc8 14. Qf2 b5 15.
f5 Rf8 16. d4 b4 17. Be3 bxc3 18. bxc3 Qa5 19. e5 cxd4 20. cxd4 Nb4 21. Bd2 Qa4
22. Nxb4 Rxb4 23. Bxb4 Qxb4 24. Rab1 Qa5 25. Rb7 Qa4 26. Rc1 dxe5 27. Rcc7 Nf6
28. dxe5 Ne4 29. Qxa7 Qxa7 30. Rxa7 gxf5 31. Rxe7 1-0

[Event "Brno ÈEZ Talent"]
[Site "?"]
[Date "2014.08.24"]
[Round "2"]
[White "Martirosyan, Ara"]
[Black "Veznik, Michael"]
[Result "1-0"]
[WhiteElo "1729"]
[BlackElo "1934"]
[PlyCount "83"]
[EventDate "2014.??.??"]

1. Nf3 c5 2. g3 d5 3. Bg2 Nc6 4. d3 e5 5. O-O Nf6 6. e4 d4 7. a4 h6 8. Nbd2 Be6
9. Nh4 Qd7 10. Kh1 Be7 11. Nf5 Bxf5 12. exf5 Qxf5 13. Ne4 O-O 14. f4 Qd7 15.
fxe5 Nxe5 16. Nxf6+ Bxf6 17. Bxh6 Ng4 18. Bh3 Qd5+ 19. Bg2 Qh5 20. h3 Nf2+ 21.
Rxf2 Qxh6 22. Qg4 Qg5 23. Qxg5 Bxg5 24. Rf5 Be7 25. Bxb7 Rab8 26. Bd5 Rxb2 27.
Bb3 Kh7 28. Kg1 g6 29. Rd5 Rd8 30. Re5 Bd6 31. Rg5 f6 32. Rd5 Be7 33. Re1 Bd6
34. Re6 Rxb3 35. cxb3 Bc7 36. Re7+ Kh6 37. Rxd8 Bxd8 38. Rxa7 f5 39. a5 Kg5 40.
Kf2 f4 41. a6 fxg3+ 42. Kxg3 1-0

[Event "Brno ÈEZ Talent"]
[Site "?"]
[Date "2014.08.24"]
[Round "2"]
[White "Hyll, Jan"]
[Black "Effenberger, Adam"]
[Result "1-0"]
[WhiteElo "1932"]
[BlackElo "1734"]
[PlyCount "207"]
[EventDate "2014.??.??"]

1. e4 c5 2. d4 cxd4 3. c3 g6 4. Nf3 Bg7 5. Bc4 dxc3 6. Nxc3 Qc7 7. Qe2 Bxc3+ 8.
bxc3 b5 9. Bd5 Qxc3+ 10. Qd2 Qxd2+ 11. Bxd2 Nc6 12. Ne5 e6 13. Bxc6 dxc6 14.
Nxc6 Bb7 15. Nd4 Bxe4 16. Nxb5 Bxg2 17. Rg1 Rb8 18. Nxa7 Bd5 19. a4 Ne7 20. Bc3
O-O 21. Be5 Rb3 22. Rg3 Ra8 23. Nb5 Nc6 24. Bf6 Rb8 25. Nc3 Nb4 26. Rd1 Kf8 27.
Be5 Rd8 28. Bf6 Ra8 29. Nxd5 Rxg3 30. Nxb4 Rg1+ 31. Ke2 Rxd1 32. Kxd1 Rxa4 33.
Nd3 Ra5 34. Ne5 Ra2 35. Ke1 Ke8 36. Kf1 Ra4 37. Nd3 Kf8 38. Kg2 h6 39. f3 g5
40. Kg3 Kg8 41. Nf2 Kh7 42. h4 Rxh4 43. Ne4 Kg6 44. Be5 Kf5 45. Bg7 Kg6 46. Be5
h5 47. Bc7 f5 48. Nxg5 Rc4 49. Nxe6 Kf6 50. Nf4 Rc1 51. Nxh5+ Ke6 52. Bd8 Rd1
53. Ba5 Ra1 54. Bc3 Ra3 55. Nf4+ Kf7 56. Ne2 Ke6 57. Kf4 Ra4+ 58. Kg5 Rc4 59.
Bg7 Kf7 60. Be5 Ke6 61. Bg3 Ra4 62. Nf4+ Ke5 63. Nh5+ Ke6 64. Ng7+ Kd5 65. Nxf5
Ra1 66. Ne3+ Ke6 67. f4 Rg1 68. f5+ Kf7 69. Kf4 Ra1 70. Ng4 Rf1+ 71. Kg5 Rxf5+
72. Kxf5 Ke7 73. Nf6 Kd8 74. Ke6 Kc8 75. Kd5 Kb7 76. Kc5 Ka6 77. Bb8 Kb7 78.
Be5 Ka6 79. Bc3 Kb7 80. Ba5 Ka6 81. Bd8 Kb7 82. Nd5 Kc8 83. Bb6 Kb7 84. Kb5 Kb8
85. Kc6 Ka8 86. Nc7+ Kb8 87. Bd4 Kc8 88. Ba7 Kd8 89. Nd5 Ke8 90. Bd4 Kf7 91.
Nf4 Ke7 92. Kc7 Ke8 93. Bf6 Kf7 94. Bg5 Ke8 95. Kd6 Kf7 96. Kd7 Kf8 97. Ke6 Ke8
98. Nd5 Kf8 99. Bf6 Ke8 100. Nc7+ Kf8 101. Kf5 Kf7 102. Kg5 Kg8 103. Kg6 Kf8
104. Bg5 1-0

[Event "Brno ÈEZ Talent"]
[Site "?"]
[Date "2014.08.24"]
[Round "2"]
[White "Prokop, Jiri"]
[Black "Zeman, Radek"]
[Result "1/2-1/2"]
[WhiteElo "1693"]
[BlackElo "1845"]
[PlyCount "97"]
[EventDate "2014.??.??"]

1. f4 d5 2. Nf3 g6 3. e3 Bg7 4. d4 Nf6 5. Bd3 O-O 6. O-O b6 7. b4 c5 8. c3 c4
9. Bc2 Bf5 10. a4 a6 11. Ne5 Bxc2 12. Qxc2 Ne4 13. Nxc4 f5 14. Ne5 Qc7 15. Bb2
Nc6 16. Nxc6 Qxc6 17. Nd2 Nxd2 18. Qxd2 b5 19. Ra2 Qc4 20. Rfa1 Rac8 21. axb5
axb5 22. Kf2 Rc7 23. Qe2 Qxe2+ 24. Kxe2 Rb7 25. Kf3 Kf7 26. h3 Bf6 27. Ra6 Rc8
28. g4 e6 29. Ra7 Rcb8 30. g5 Be7 31. Rxb7 Rxb7 32. Ra6 Bf8 33. h4 Be7 34. Kg3
Bf8 35. Kf3 Be7 36. Ke2 Bf8 37. Kd3 Be7 38. Kc2 Bf8 39. Kb3 Be7 40. Ra1 Bf8 41.
Rh1 Ra7 42. h5 Kg7 43. Rh2 Be7 44. Rh1 Bf8 45. h6+ Kf7 46. Ra1 Rxa1 47. Bxa1
Ke7 48. Bb2 Kd6 49. Ba3 1/2-1/2

[Event "Brno ÈEZ Talent"]
[Site "?"]
[Date "2014.08.24"]
[Round "2"]
[White "Hrdlicka, Vladan"]
[Black "Lisik, Miroslav"]
[Result "1-0"]
[WhiteElo "1823"]
[BlackElo "1678"]
[PlyCount "121"]
[EventDate "2014.??.??"]

1. e4 c5 2. c3 g6 3. d4 cxd4 4. Qxd4 Nf6 5. e5 Nc6 6. Qf4 Nd5 7. Qe4 e6 8. Bc4
Nb6 9. Bb3 Bg7 10. Nf3 O-O 11. Na3 a6 12. Bg5 f6 13. exf6 Bxf6 14. h4 d5 15.
Qe3 Na5 16. Bxf6 Rxf6 17. h5 Nxb3 18. axb3 Nd7 19. hxg6 Rxg6 20. Nh4 Rf6 21.
Qg5+ Kf7 22. Qh5+ Ke7 23. Qxh7+ Kd6 24. Nf3 Nf8 25. Qg7 Bd7 26. Qg3+ Kc6 27.
Nd4+ Kb6 28. Qd6+ Bc6 29. Qb4+ Kc7 30. Nac2 Qd6 31. Nxc6 bxc6 32. Qxd6+ Kxd6
33. b4 Nd7 34. Ke2 Nb6 35. Ne3 c5 36. bxc5+ Kxc5 37. Ra5+ Kc6 38. Rha1 Kb7 39.
b3 Rc8 40. Nd1 Ra8 41. f3 Rg8 42. Ne3 Rc8 43. Kd3 Nd7 44. b4 Ne5+ 45. Kc2 Nc6
46. Rc5 d4 47. Nc4 Rd8 48. Na5+ Nxa5 49. Raxa5 d3+ 50. Kd2 Rg6 51. Rg5 Rh6 52.
Rg7+ Kb6 53. c4 Rh4 54. c5+ Kc6 55. Rxa6+ Kb5 56. Rb6+ Kc4 57. c6 Rhd4 58. c7
Ra8 59. Rc6+ Kb3 60. c8=Q Ra2+ 61. Kd1 1-0

[Event "Brno ÈEZ Talent"]
[Site "?"]
[Date "2014.08.24"]
[Round "2"]
[White "Glacner, Karel"]
[Black "Greussing, Stefan"]
[Result "0-1"]
[WhiteElo "1574"]
[BlackElo "1803"]
[PlyCount "63"]
[EventDate "2014.??.??"]

1. Nf3 e6 2. g3 Nf6 3. Bg2 d5 4. O-O c5 5. d4 Nc6 6. Nc3 Be7 7. Bf4 O-O 8. Bg5
h6 9. Bxf6 Bxf6 10. dxc5 Qa5 11. Qd2 Qxc5 12. e3 Bd7 13. Nd1 Rac8 14. c3 Rfd8
15. Re1 e5 16. a3 Be6 17. b4 Qb6 18. Qc2 d4 19. Bf1 dxc3 20. Nxc3 e4 21. Nd4
Bxd4 22. Na4 Qc7 23. exd4 Nxd4 24. Qxc7 Nf3+ 25. Kh1 Rxc7 26. Rec1 Rxc1 27.
Rxc1 Rd2 28. Kg2 Ng5 29. Kg1 e3 30. Nc5 Rxf2 31. Nxe6 Nf3+ 32. Kh1 0-1